00640nam a2200229Ia 4500008004100000020001800041050001400059100002300073245002300096245006700119245005400186260001900240260001600259260000900275300001400284300002600298300001000324500000900334650003500343700002100378700001100399181129s9999 xx 000 0 und d a9780439577816 bM971 2002 aMuñoz, Pam Ryan. 0aWhen Marian sang : 4bthe true recital of Meriam Anderson : the voice of a century / 0cby Pam Ryan Muñoz ; pictures by Brian Selznick. aNew York, NY : bScholastic, c2002 aunpaged : bcolor illustrations ; c23cm. a780L aAnderson, Marian -- Biography. aSelznick, Brian. aTitle.